000 00636nam a2200229Ia 4500
003 OSt
005 20221007063540.0
006 a|||||r|||| 00| 0
007 ta
008 221006b |||||||| |||| 00| 0 eng d
024 _a19,517
037 _cTextual
040 _aFLL
_cFLL
_beng
041 _2eng
_aeng
082 _aZ1v2:D, F0
100 _aBandyopadhay P. Au.
_9684457
245 0 _aInternational law and custom in ancient india
260 _aCalcutta
_bCalcutta press university India
_c1920
300 _a161p
_ccm.
942 _hZ1v2:D, F0
_cTEXL
_2CC
999 _c1131515
_d1131515